000 00946nam a22002417a 4500
999 _c3438
_d3438
003 AR-CdUCM
008 190306b ||||| |||| 00| 0 spa d
020 _a9681843436
040 _aMUNICIPALIDAD PROVINCIAL DEL CUSCO
_cBIBLIOTECA MUNICIPAL DEL CUSCO
082 _a301.7 /
_bF73
100 _aFolberg, Jay
_911334
245 _aMediación :
_bresolución de conflictos sin litigio /
260 _aMexico :
_bLimusa,
_c1992.
300 _a369 páginas ;
_c22 cm.
505 _aIntroducción a la mediación y la resolución de conflictos -- Etapas de mediación, conceptos y habilidades -- Variedad de mediación aplicación a la practica -- La mediación como profesión...
650 _aMediación.
_911335
650 _aResolución de conflictos.
_911336
650 _aEtapas de mediación.
_911337
650 _aMediación como profesión.
_911338
700 _aTaylor, Alison
_911339
942 _2ddc
_cLIBROS
945 _awfj
_d2019-03-06